00537nam a2200169Ia 450000500170000000800410001702000160005808200130007410000120008724500550009926000420015430000130019650000420020994200060025195200950025799900150035220250703024837.0240331s9999 xx 000 0 und d a95580333332 bFRAa823 aFrank,A 2aA Diary of a young girl :bYawwaniyakage dinapotha aDehiwalabVidarshana Publishersc2000 a381 p ., atranslation of A Diary of young girl  cL 001040708LaWERCLbWERCLcSSCd2024-03-31l0o 823 FRAp4355r2024-03-31w2024-03-31yL c4514d4514